LEADER 01153nam a2200253 i 4500 001 000000135358 003 CaOOAMICUS 005 20250709104523.0 008 050302s1976 it u000 u ita u 013 $a108690 040 $aSeMil$bita 100 1 $aCondillac, Étienne : Bonnot de,$d<1714-1780>.$0(OLS)http://semarc/name/2692 245 10$aOpere /$cdi Etienne Bonnot de Condillac ; traduzione di Giorgia Viano ; introduzione di Carlo Augusto Viano. 260 $aTorino :$bUnione Tipografico-Editrice Torinese,$c1976. 300 $a791 p., [6] carte di tav. :$bill. ;$c24 cm 490 0 $aClassici della filosofia 700 1 $aViano, Carlo Augusto,$d<1929-2019>.$0(OLS)http://semarc/name/1396 700 1 $aViano Marogna, Giorgia.$0(OLS)http://semarc/name/55253 830 0$aClassici della filosofia .$0(OLS)http://semarc/title/454429 850 $aSeMil 852 $aSeMil$W1$xVenegono$y1$m2LA C 47$j259361$B89036$CSeMilBibl$Z2$F93637 $81 996 $6245$aOpere$9(OLS)http://semarc/title/2208 996 $6260$aTorino :$bUnione Tipografico-Editrice Torinese$9(OLS)http://semarc/publisher/29628 LEADER 01218nam a2200265 i 4500 001 000000196668 003 CaOOAMICUS 005 20110128000000.0 008 110128s1986 it u000 u ita u 013 $a175351 020 $a88-01-05179-4 040 $aSeMil$bita 100 1 $aGrillo, Girolamo,$c.$0(OLS)http://semarc/name/49265 245 10$aPresbiterio, vita interiore e comunione sacerdotale /$cGirolamo Grillo, vescovo di Tarquinia e Civitavecchia. 260 $aLeumann (Torino) :$bElle Di Ci,$c1986. 300 $a54 p. ;$c19 cm. 490 0 $aMaestri della fede : collana di magistero episcopale ;$v179 650 4$aGrillo, Girolamo - Lettere pastorali.$0(OLS)http://semarc/subject/36912 830 0$aMaestri della fede. Esperienze ;$v179.$0(OLS)http://semarc/title/420007 850 $aSeMil 852 $aSeMil$W1$xVenegono$y1$m5A XII 3/39 =$j147231$B147231$CSeMilBibl$Z2$F158789 $81 961 $aOmaggio: Altro 996 $6020$a88-01-05179-4$9(OLS)http://semarc/number/188627 996 $6245$aPresbiterio, vita interiore e comunione sacerdotale$9(OLS)http://semarc/title/283971 996 $6260$aLeumann (Torino) :$bElle Di Ci$9(OLS)http://semarc/publisher/29809